KOHA-Header-6

Computer Fundamentals Architecture and Organization (Record no. 12427)

000 -LEADER
fixed length control field 00239nam a22001097a 4500
020 ## - INTERNATIONAL STANDARD BOOK NUMBER
ISBN 9788122436105
082 ## - DEWEY DECIMAL CLASSIFICATION NUMBER
Classification number 004.22
100 ## - MAIN ENTRY--AUTHOR NAME
Personal name B. Ram
245 ## - TITLE STATEMENT
Title Computer Fundamentals Architecture and Organization
250 ## - EDITION STATEMENT
Edition statement 5th
942 ## - ADDED ENTRY ELEMENTS (KOHA)
Koha item type Books
Holdings
Withdrawn status Lost status Collection code Permanent Location Current Location Shelving location Date acquired Full call number Accession Number Koha item type
    Computer Science MAJU MAJU Shelf No.A32 2020-06-16 004.22 7961 Computer Science

Powered by Koha